• 首页
  • 本馆介绍
  • 公告通知
  • 最新文献
  • 馆藏检索
  • 电子资源
  • 读者导购
  • 参考咨询
  • 我的图书馆
  • 登录
  • 详细信息显示
  • 放入我的书架
  • 预约/预借图书
  • 作者相关作品
  • 分类相关作品
  • 丛书相关作品
  • 出版社相关作品

书目信息

  • 表格格式
  • 工作单格式
  • 卡片格式
题名:
从零开始学葫芦丝、巴乌
    
 
作者: 胡玻 , 章国华 编著
分册:   基础教程
出版信息: 北京   现代出版社  2013.06
页数: 154页
开本: 28cm
丛书名:
单 册:
中图分类: J632.196
科图分类:
主题词: 民族管乐器--吹奏法--中国 , 巴乌--吹奏法--中国 , 民族管乐器 , 吹奏法 , 巴乌
电子资源:
ISBN: 978-7-5143-1401-4
000 00996nam0 2200313 450
001 012013092151
005 20130627155406.23
010    @a978-7-5143-1401-4@dCNY21.80
100    @a20130603d2013 em y0chiy0110 ea
101 0  @achi
102    @aCN@b110000
105    @aagk z 000yy
106    @ar
200 1  @a从零开始学葫芦丝、巴乌@9cong ling kai shi xue hu lu si 、ba wu@i基础教程@f胡玻,章国华编著
210    @a北京@c现代出版社@d2013.06
215    @a154页@c图@d28cm
330    @a本书共分为七章,主要内容包括:葫芦丝、巴乌简介;葫芦丝、巴乌演奏基本知识;简谱简介;葫芦丝、巴乌的吹奏练习;转调;经典歌曲与乐曲等。
333    @a葫芦丝,巴乌爱好者
606 0  @a民族管乐器@x吹奏法@y中国
606 0  @a巴乌@x吹奏法@y中国
606 0  @a民族管乐器
606 0  @a吹奏法
606 0  @a巴乌
610 0  @a葫芦丝
690    @aJ632.196@v5
701  0 @a胡玻@9hu bo@4编著
701  0 @a章国华@9zhang guo hua@4编著
801  0 @aCN@b人天书店@c20130603
905    @b546948-51@dJ632.196@e71@f4
    
    从零开始学葫芦丝、巴乌.基础教程/胡玻,章国华编著.-北京:现代出版社,2013.06
    154页:图;28cm
    使用对象:葫芦丝,巴乌爱好者
    
    ISBN 978-7-5143-1401-4:CNY21.80
    本书共分为七章,主要内容包括:葫芦丝、巴乌简介;葫芦丝、巴乌演奏基本知识;简谱简介;葫芦丝、巴乌的吹奏练习;转调;经典歌曲与乐曲等。
●
相关链接 在E读中查询图书 在五车中查询图书 在当当中查询图书 在豆瓣中查询图书


正题名:从零开始学葫芦丝、巴乌     索取号:J632.196/71         预约/预借

序号 登录号 条形码 馆藏地/架位号 状态 备注
1 546948   205469483   第一样本阅览室/ [索取号:J632.196/71] 在馆    
2 546949   205469492   第一借阅区/ [索取号:J632.196/71] 在馆    
3 546950   205469508   第一借阅区/ [索取号:J632.196/71] 在馆    
4 546951   205469517   第一借阅区/ [索取号:J632.196/71] 在馆    
唐山师范学院图书馆 欢迎您!
大连网信软件有限公司© 版权所有